<?xml version="1.0" encoding="UTF-8"?>
<record
    xmlns:xsi="http://www.w3.org/2001/XMLSchema-instance"
    xsi:schemaLocation="http://www.loc.gov/MARC21/slim http://www.loc.gov/standards/marcxml/schema/MARC21slim.xsd"
    xmlns="http://www.loc.gov/MARC21/slim">

  <leader>01548nam a2200289 u 4500</leader>
  <controlfield tag="001">63032</controlfield>
  <controlfield tag="005">20260428111103.0</controlfield>
  <controlfield tag="008">960313s1990                        spa  </controlfield>
  <datafield tag="020" ind1=" " ind2=" ">
    <subfield code="a">958-04-0846-7</subfield>
  </datafield>
  <datafield tag="035" ind1=" " ind2=" ">
    <subfield code="a">63032</subfield>
  </datafield>
  <datafield tag="035" ind1=" " ind2=" ">
    <subfield code="a">(OCoLC)778185577</subfield>
  </datafield>
  <datafield tag="040" ind1=" " ind2=" ">
    <subfield code="c">comduadb</subfield>
  </datafield>
  <datafield tag="041" ind1=" " ind2=" ">
    <subfield code="a">spa</subfield>
  </datafield>
  <datafield tag="082" ind1=" " ind2="4">
    <subfield code="a">155</subfield>
  </datafield>
  <datafield tag="100" ind1="1" ind2="0">
    <subfield code="a">Proctor, William</subfield>
    <subfield code="4">aut</subfield>
    <subfield code="e">aut</subfield>
    <subfield code="9">259620</subfield>
  </datafield>
  <datafield tag="245" ind1="1" ind2="3">
    <subfield code="a">El ni&#xF1;o que tiene de todo en exceso : de verdad necesita su hijo lo mejor de todo</subfield>
  </datafield>
  <datafield tag="260" ind1=" " ind2=" ">
    <subfield code="a">Bogot&#xE1; :</subfield>
    <subfield code="b">Editorial Norma,</subfield>
    <subfield code="c">1990.</subfield>
  </datafield>
  <datafield tag="300" ind1=" " ind2=" ">
    <subfield code="a">226 p&#xE1;ginas</subfield>
  </datafield>
  <datafield tag="500" ind1=" " ind2=" ">
    <subfield code="a">CONTENIDO : 1: Los peligros de tener en exceso. -- 2: &#xBF;Es su hijo v&#xED;ctima del s&#xED;ndrome del ni&#xF1;o rico? -- 3: Ni&#xF1;os que tienen excesiva libertad. -- 4: Se&#xF1;ales de peligro de excesiva libertad y c&#xF3;mo pueden responder los padres. -- 5: Ni&#xF1;os que tienen demasiado dinero. -- 6: Por qu&#xE9; los padres les dan a sus hijos dinero en exceso y qu&#xE9; hacer para impedirlo. -- 7: Ni&#xF1;os sometidos a presi&#xF3;n excesiva para que triunfen. -- 8: Seis reglas para reducir las presiones inconvenientes en los ni&#xF1;os. -- 9: &#xBF;Pueden los ni&#xF1;os excederse en los deportes o en los ejercicios? -- 10: Ni&#xF1;os que comen demasiado, o demasiado poco. -- 11: Ni&#xF1;os que reciben excesiva informaci&#xF3;n. .</subfield>
  </datafield>
  <datafield tag="650" ind1=" " ind2=" ">
    <subfield code="a">Problemas emocionales - Ni&#xF1;os</subfield>
    <subfield code="9">44733</subfield>
  </datafield>
  <datafield tag="650" ind1=" " ind2="7">
    <subfield code="a">Padres e hijos</subfield>
    <subfield code="2">lemb</subfield>
    <subfield code="9">31948</subfield>
  </datafield>
  <datafield tag="650" ind1=" " ind2="7">
    <subfield code="a">Psicolog&#xED;a infantil</subfield>
    <subfield code="2">lemb</subfield>
    <subfield code="9">141415</subfield>
  </datafield>
  <datafield tag="650" ind1=" " ind2=" ">
    <subfield code="a">Nutrici&#xF3;n infantil</subfield>
    <subfield code="9">46083</subfield>
  </datafield>
  <datafield tag="650" ind1=" " ind2="7">
    <subfield code="a">Educaci&#xF3;n en el hogar</subfield>
    <subfield code="2">lemb</subfield>
    <subfield code="9">2360</subfield>
  </datafield>
  <datafield tag="700" ind1="1" ind2="0">
    <subfield code="a">Minear, Ralph</subfield>
    <subfield code="4">aut</subfield>
    <subfield code="e">aut</subfield>
    <subfield code="9">259345</subfield>
  </datafield>
  <datafield tag="942" ind1=" " ind2=" ">
    <subfield code="c">BOOK</subfield>
  </datafield>
  <datafield tag="999" ind1=" " ind2=" ">
    <subfield code="c">12477</subfield>
    <subfield code="d">12477</subfield>
  </datafield>
  <datafield tag="952" ind1=" " ind2=" ">
    <subfield code="0">0</subfield>
    <subfield code="1">0</subfield>
    <subfield code="4">0</subfield>
    <subfield code="7">0</subfield>
    <subfield code="8">GEN</subfield>
    <subfield code="a">BC</subfield>
    <subfield code="b">BC</subfield>
    <subfield code="d">1999-09-20</subfield>
    <subfield code="i">C102683</subfield>
    <subfield code="l">1</subfield>
    <subfield code="o">155.418 M664n</subfield>
    <subfield code="p">61000002066187</subfield>
    <subfield code="r">2024-10-30 00:00:00</subfield>
    <subfield code="s">2024-10-23</subfield>
    <subfield code="t">1</subfield>
    <subfield code="w">2023-04-20</subfield>
    <subfield code="y">BOOK</subfield>
  </datafield>
</record>
